|
|
|
|
| LEADER |
00000nam0a2200000 4500 |
| 001 |
70747 |
| 005 |
20231031082017.0 |
| 010 |
|
|
|a 594740009X
|
| 035 |
|
|
|a (RuTPU)RU\TPU\book\75316
|
| 090 |
|
|
|a 70747
|
| 100 |
|
|
|a 20041129d2004 km y0rusy50 ca
|
| 101 |
0 |
|
|a rus
|
| 102 |
|
|
|a RU
|
| 105 |
|
|
|a a z 001zy
|
| 200 |
1 |
|
|a Практика работы с QNX
|f Д. Алексеев, Е. Ведревич, А. Волков и др.
|
| 210 |
|
|
|a Москва
|c КомБук
|d 2004
|
| 215 |
|
|
|a 431 с.
|c ил.
|
| 320 |
|
|
|a Библиография в конце частей.
|
| 610 |
1 |
|
|a операционные системы
|
| 610 |
1 |
|
|a системная информация
|
| 610 |
1 |
|
|a программирование
|
| 610 |
1 |
|
|a сети
|
| 610 |
1 |
|
|a QNX
|
| 610 |
1 |
|
|a SAMBA
|
| 675 |
|
|
|a 681.3.066
|v 3
|
| 701 |
|
1 |
|a Алексеев
|b Д.
|g Дмитрий
|
| 701 |
|
1 |
|a Ведревич
|b Е.
|g Евгений
|
| 701 |
|
1 |
|a Волков
|b А.
|g Алексей
|
| 701 |
|
1 |
|a Горошко
|b Е.
|g Егор
|
| 701 |
|
1 |
|a Горчак
|b М.
|g Михаил
|
| 801 |
|
1 |
|a RU
|b 63413507
|c 20041129
|g PSBO
|
| 801 |
|
2 |
|a RU
|b 63413507
|c 20041217
|g PSBO
|
| 942 |
|
|
|c BK
|